000 00438nam a2200181Ia 4500
005 20240823005751.0
008 240823s9999||||xx |||||||||||||| ||und||
041 _aENGLISH
082 _A530 N0
100 _a"Duncan,Tom"
245 0 _aAdvanced Physics Vol 1 Materials & Mechanics
250 _a3rd
260 _c1990
_b"Murray,John,London"
500 _aTRANSFERED
650 _aPhysics
_bPhysics
942 _cBK
999 _c156663
_d156663